Italian players in UEFA Champions League (2000-) - Statistics

General Stats
  • This quiz has been taken 103 times
  • The average score is 94 of 340
Answer Stats
Ranking Player Positions Nationality Matches Goals (assists) Periods Clubs % Correct
2 Andrea Pirlo MF 102 8 (14) 2002-2007, 2009-2010, 2012-2015
100%
1 Gianluigi Buffon GK 118 0 (0) 2001-2005, 2008-2009, 2012-2021
100%
9 Giorgio Chiellini DF 74 2 (0) 2005-2006, 2008-2009, 2012-2018, 2020-2022
97%
4 Leonardo Bonucci DF 87 3 (2) 2012-2016, 2018-2024
97%
241 Daniel Maldini MF, FW 3 0 (0) 2021-2022
96%
16 Francesco Totti MF, FW 56 18 (10) 2001-2002, 2004-2005, 2006-2008, 2010-2011, 2014-2016
96%
10 Paolo Maldini DF 72 1 (3) 2000-2001, 2002-2008
96%
15 Fabio Cannavaro DF 57 2 (1) 2002-2010
90%
171 Paolo Cannavaro DF 7 0 (0) 2011-2012
90%
13 Daniele De Rossi DF, MF 60 8 (4) 2001-2002, 2004-2005, 2006-2008, 2010-2011, 2014-2015, 2017-2019
89%
6 Marco Verratti MF 79 3 (9) 2012-2023
89%
14 Alessandro Del Piero MF, FW 58 21 (13) 2000-2005, 2008-2010
88%
3 Alessandro Nesta DF 89 0 (0) 2000-2007, 2009-2012
88%
37 Mario Balotelli FW 32 8 (4) 2008-2009, 2011-2015
88%
28 Gianluigi Donnarumma GK 40 0 (0) 2021-2025
86%
17 Jorginho MF 54 9 (3) 2016-2017, 2019-2025
86%
67 Ciro Immobile FW 23 13 (1) 2009-2010, 2014-2015, 2020-2021, 2023-2024
85%
8 Gennaro Gattuso MF 75 1 (1) 2000-2001, 2002-2007, 2009-2011
85%
20 Nicolò Barella MF 49 4 (4) 2019-2025
85%
19 Andrea Barzagli DF 51 0 (1) 2009-2010, 2012-2019
83%
24 Alessandro Bastoni DF 47 0 (5) 2020-2025
82%
96 Federico Chiesa DF, MF, FW 16 6 (1) 2020-2022, 2024-2025
82%
11 Gianluca Zambrotta DF 71 0 (6) 2001-2007, 2009-2012
81%
27 Matteo Darmian DF, MF 44 1 (0) 2015-2016, 2017-2018, 2020-2025
81%
5 Thiago Motta MF 82 5 (9) 2001-2002, 2005-2006, 2009-2018
81%
12 Filippo Inzaghi FW 61 34 (4) 2000-2001, 2002-2007, 2009-2011
79%
132 Luca Toni FW 10 3 (3) 2008-2010
79%
77 Simone Inzaghi FW 20 6 (1) 2000-2001, 2003-2004
79%
43 Lorenzo Insigne MF, FW 29 11 (2) 2013-2014, 2016-2020
78%
278 Marco Motta DF 2 0 (0) 2008-2009
78%
328 Roberto Insigne MF, FW 1 0 (0) 2016-2017
78%
72 Sandro Tonali MF 21 0 (2) 2021-2024
78%
34 Federico Dimarco DF, MF, FW 35 1 (6) 2021-2025
75%
31 Francesco Acerbi DF 37 1 (3) 2012-2013, 2020-2021, 2022-2025
74%
52 Christian Vieri FW 27 6 (3) 2002-2006
71%
23 Claudio Marchisio MF 47 3 (6) 2008-2009, 2012-2018
71%
183 Giovanni Rossi DF 6 0 (2) 2002-2003
71%
122 Giuseppe Rossi FW 11 3 (1) 2008-2009, 2011-2012
71%
330 Sebastiano Rossi GK 1 0 (0) 2000-2001
71%
56 Giovanni Di Lorenzo DF, FW 26 3 (5) 2019-2020, 2022-2024
69%
63 Moise Kean FW 24 5 (1) 2016-2017, 2018-2019, 2020-2023
69%
208 Graziano Pellè FW 5 0 (1) 2009-2010
65%
18 Alessandro Florenzi DF, FW 51 1 (1) 2014-2015, 2017-2021, 2023-2024
64%
22 Marco Materazzi DF 48 1 (0) 2002-2011
64%
53 Antonio Cassano FW 27 6 (0) 2001-2002, 2004-2006, 2011-2012
61%
75 Manuel Locatelli MF 21 0 (0) 2021-2022, 2024-2025
61%
42 Salvatore Sirigu GK 30 0 (0) 2012-2015
61%
54 Stephan El Shaarawy DF, MF, FW 27 4 (4) 2011-2013, 2015-2016, 2017-2019
61%
66 Alex Meret GK 24 0 (0) 2019-2020, 2022-2024
60%
25 Christian Abbiati GK 47 0 (0) 2000-2001, 2002-2003, 2005-2006, 2009-2014
58%
107 Lorenzo Pellegrini MF 14 1 (4) 2017-2019
58%
129 Luca Pellegrini DF, MF 11 0 (0) 2018-2019, 2021-2024
58%
150 Riccardo Calafiori DF 8 1 (1) 2024-2025
58%
143 Andrea Poli MF 9 0 (0) 2011-2012, 2013-2014
57%
78 Davide Frattesi MF 20 3 (2) 2023-2025
57%
82 Flavio Roma GK 20 0 (0) 2003-2005
57%
174 Antonio Di Natale FW 6 3 (1) 2005-2006
56%
79 Davide Zappacosta DF, MF 20 1 (6) 2017-2018, 2021-2022, 2024-2025
56%
39 Federico Bernardeschi DF, MF, FW 31 2 (5) 2017-2022
56%
7 Massimo Ambrosini MF 75 1 (3) 2000-2001, 2002-2007, 2009-2013
56%
58 Riccardo Montolivo MF 25 1 (2) 2008-2009, 2012-2014
56%
59 Fabio Grosso DF, MF 25 0 (3) 2006-2010
54%
140 Emerson Palmieri DF, MF 9 1 (1) 2019-2021
53%
44 Matteo Politano MF, FW 29 2 (3) 2018-2019, 2022-2024
53%
29 Alberto Gilardino FW 39 11 (8) 2005-2010
51%
125 Alessio Romagnoli DF 11 0 (2) 2021-2022, 2023-2024
51%
68 Rafael Tolói DF 23 0 (0) 2019-2021, 2024-2025
51%
73 Davide Calabria DF 21 0 (1) 2021-2025
50%
49 Mattia De Sciglio DF, MF 28 0 (2) 2011-2013, 2017-2019, 2021-2023
50%
93 Daniele Rugani DF 17 1 (0) 2015-2023
49%
26 Mauro Camoranesi MF 45 3 (6) 2002-2005, 2008-2010
49%
48 Ignazio Abate DF, MF 29 0 (0) 2009-2014
47%
35 Alessandro Costacurta DF 35 0 (0) 2000-2001, 2002-2007
46%
33 Francesco Toldo GK 36 0 (0) 2002-2006, 2008-2009
46%
134 Antonio Candreva DF, MF, FW 10 1 (1) 2018-2020
44%
47 Domenico Criscito DF, MF 29 0 (1) 2011-2016
44%
121 Fabio Quagliarella FW 11 6 (0) 2012-2014
44%
199 Mattia Perin GK 6 0 (0) 2021-2022, 2024-2025
44%
103 Nicolò Zaniolo MF, FW 14 3 (0) 2018-2019, 2024-2025
44%
226 Andrea Belotti FW 4 0 (0) 2024-2025
43%
51 Massimo Oddo DF 28 0 (1) 2003-2004, 2006-2010
43%
55 Alberto Aquilani MF 27 0 (1) 2004-2005, 2006-2009, 2011-2012
42%
104 Alessandro Matri FW 14 2 (2) 2012-2015
42%
268 Dino Baggio MF 2 0 (0) 2001-2002
42%
246 Fabio Borini DF, MF, FW 3 0 (0) 2009-2010, 2014-2015
42%
76 Morgan De Sanctis GK 21 0 (0) 2005-2006, 2007-2008, 2011-2012, 2014-2017
42%
115 Vincenzo Iaquinta FW 12 8 (0) 2005-2006, 2008-2010
42%
309 Leonardo Spinazzola DF, MF, FW 1 0 (0) 2018-2019
40%
81 Carlo Cudicini GK 20 0 (0) 2003-2007, 2010-2011
39%
113 Giampaolo Pazzini FW 13 3 (1) 2011-2014
39%
133 Mateo Retegui FW 10 3 (0) 2024-2025
39%
224 Samuele Dalla Bona MF 5 0 (0) 2002-2003
39%
69 Sebastian Giovinco MF, FW 22 2 (2) 2008-2009, 2012-2015
39%
38 Simone Perrotta MF 31 3 (4) 2004-2005, 2006-2008, 2010-2011
39%
114 Bryan Cristante DF, MF 13 0 (0) 2011-2012, 2014-2015, 2018-2019
38%
74 Danilo D'Ambrosio DF 21 0 (0) 2018-2023
38%
98 Giacomo Raspadori MF, FW 15 5 (3) 2022-2024
38%
135 Matteo Gabbia DF 10 1 (0) 2022-2023, 2024-2025
38%
340 Vincenzo Grifo MF, FW 1 0 (0) 2018-2019
38%
127 Federico Gatti DF 11 0 (1) 2022-2023, 2024-2025
36%
86 Roberto Gagliardini DF, MF 19 0 (1) 2019-2023
36%
95 Christian Maggio DF, MF 17 0 (1) 2011-2012, 2013-2014, 2016-2018
35%
172 Paolo De Ceglie DF 7 0 (0) 2008-2009, 2012-2014
35%
166 Andrea Cambiaso DF, FW 7 0 (1) 2024-2025
33%
89 Angelo Peruzzi GK 18 0 (0) 2000-2001, 2003-2004
33%
307 Giorgio Scalvini DF, MF 1 0 (0) 2024-2025
33%
195 Marco Amelia GK 6 0 (0) 2010-2014
33%
91 Marco Borriello FW 17 5 (1) 2002-2003, 2006-2007, 2009-2011
33%
147 Marco Carnesecchi GK 9 0 (0) 2024-2025
33%
159 Marco Sportiello GK 8 0 (0) 2019-2020, 2023-2024
33%
201 Mauro Esposito MF, FW 6 0 (0) 2007-2008
33%
161 Michele Di Gregorio GK 8 0 (0) 2024-2025
33%
137 Pierluigi Gollini GK 10 0 (0) 2019-2021
33%
204 Riccardo Orsolini MF, FW 6 0 (0) 2024-2025
33%
255 Sebastiano Esposito MF, FW 3 0 (0) 2019-2020
33%
332 Simone Esposito MF, FW 1 0 (0) 2008-2009
33%
94 Stefano Sturaro MF 17 1 (0) 2014-2018
33%
61 Andrea Raggi DF 25 0 (0) 2014-2015, 2016-2019
32%
167 Federico Macheda FW 7 0 (1) 2009-2013
32%
152 Ivan Provedel GK 8 1 (0) 2023-2024
32%
259 Simone Zaza MF, FW 2 1 (0) 2015-2016
32%
258 Alessio Cerci MF, FW 2 1 (0) 2014-2015
31%
228 Angelo Ogbonna DF 4 0 (0) 2013-2015
31%
30 Christian Panucci DF 37 5 (3) 2001-2002, 2004-2005, 2006-2009
31%
92 Tommaso Pobega MF 17 2 (0) 2022-2025
31%
100 Antonio Nocerino MF 15 1 (3) 2011-2014
29%
45 Francesco Coco DF 29 2 (2) 2000-2004
29%
292 Cristian Zaccardo DF 1 0 (0) 2013-2014
28%
41 Daniele Bonera DF 31 0 (0) 2006-2007, 2009-2014
28%
200 Mattia Zaccagni MF, FW 6 0 (0) 2023-2024
28%
334 Simone Pepe MF, FW 1 0 (0) 2014-2015
28%
57 Ciro Ferrara DF 26 2 (1) 2000-2004
26%
193 Emanuele Giaccherini MF, FW 6 0 (0) 2012-2013, 2016-2017
26%
120 Manuel Lazzari DF 12 0 (0) 2020-2021, 2023-2024
26%
279 Marco Storari GK 2 0 (0) 2009-2010
26%
187 Nicolò Fagioli MF 6 0 (1) 2022-2023, 2024-2025
26%
144 Andrea Ranocchia DF 9 0 (0) 2010-2011, 2021-2022
25%
126 Davide Santon DF 11 0 (1) 2008-2010, 2018-2019
25%
111 Luca Antonini DF, MF 14 0 (0) 2009-2013
25%
21 Alessio Tacchinardi MF 49 3 (1) 2000-2006
24%
109 Amauri FW 14 1 (1) 2008-2010
24%
46 Cristiano Zanetti MF 29 0 (3) 2002-2005, 2008-2010
24%
65 Giuseppe Pancaro DF 24 0 (2) 2000-2001, 2003-2005
24%
62 Marco Di Vaio FW 24 8 (3) 2002-2005
24%
118 Andrea Dossena DF, MF 12 1 (0) 2008-2009, 2011-2012
22%
32 Gianluca Pessotto DF, MF 37 0 (0) 2000-2006
22%
101 Giulio Donati DF, FW 15 1 (2) 2013-2016
22%
64 Marco Cassetti DF, MF 24 1 (0) 2006-2008, 2010-2011
22%
106 Marco Delvecchio FW 14 2 (0) 2001-2002, 2004-2005
22%
173 Marco Simone MF, FW 6 6 (1) 2000-2001
22%
141 Massimo Donati MF 9 1 (0) 2007-2009
22%
281 Mattia Destro MF, FW 2 0 (0) 2014-2015
22%
112 Nicola Legrottaglie DF 14 0 (0) 2003-2004, 2008-2010
22%
176 Tommaso Rocchi MF, FW 6 2 (1) 2007-2008
22%
262 Antonio Mirante GK 2 0 (0) 2018-2019
21%
190 Cristiano Biraghi DF, MF 6 0 (0) 2010-2011, 2019-2020
21%
175 Cristiano Lucarelli FW 6 3 (0) 2007-2008
21%
110 Daniel Caligiuri DF, MF, FW 14 1 (1) 2015-2016, 2018-2019
21%
191 Dani Osvaldo FW 6 0 (0) 2008-2009, 2015-2016
21%
40 Giuseppe Favalli DF 31 1 (1) 2000-2001, 2003-2007, 2009-2010
21%
105 Luigi Di Biagio MF 14 2 (1) 2002-2003
21%
236 Mattia Caldara DF 4 0 (0) 2019-2021
21%
71 Vincenzo Montella FW 21 2 (1) 2001-2002, 2004-2005, 2008-2009
21%
164 Vito Mannone GK 8 0 (0) 2009-2010, 2011-2013
21%
90 Fabrizio Miccoli FW 17 5 (2) 2003-2004, 2005-2007
19%
123 Matteo Pessina MF, FW 11 1 (0) 2020-2022
19%
202 Nicolò Casale DF 6 0 (0) 2023-2025
19%
162 Salvatore Aronica DF 8 0 (0) 2011-2012
19%
188 Stefano Sensi MF, FW 6 0 (1) 2019-2022
19%
165 Daniele Adani DF 7 2 (0) 2002-2004
18%
88 Enzo Maresca MF 18 1 (3) 2001-2002, 2003-2004, 2007-2008, 2009-2010
18%
194 Fabio Miretti MF, FW 6 0 (0) 2021-2023
18%
230 Federico Balzaretti DF 4 0 (0) 2005-2006
18%
207 Manolo Gabbiadini MF, FW 5 1 (0) 2016-2017
18%
160 Matteo Ruggeri DF, MF 8 0 (0) 2020-2021, 2024-2025
18%
85 Max Tonetto DF, MF 19 0 (3) 2006-2009
18%
253 Nicolò Rovella MF 3 0 (0) 2023-2024
18%
163 Simone Padoin DF, MF 8 0 (0) 2012-2015
18%
36 Alessandro Birindelli DF 34 1 (2) 2000-2005
17%
50 Amedeo Carboni DF 28 0 (1) 2000-2001, 2002-2003, 2004-2005
17%
157 Lorenzo De Silvestri DF, MF 8 0 (0) 2007-2008, 2009-2010
17%
221 Luca Marchegiani GK 5 0 (0) 2000-2001
17%
60 Mark Iuliano DF 25 0 (2) 2000-2004
17%
83 Matteo Ferrari DF 20 0 (0) 2004-2005, 2006-2007, 2009-2010
17%
131 Paolo Negro DF 11 0 (0) 2000-2001, 2003-2004
17%
184 Aleandro Rosi DF, MF 6 0 (1) 2006-2007, 2010-2011
15%
70 Cristian Brocchi MF 22 0 (1) 2002-2004, 2006-2008
15%
146 Danilo Cataldi MF 9 0 (0) 2020-2021, 2023-2024
15%
299 Federico Ravaglia GK 1 0 (0) 2024-2025
15%
87 Francesco Antonioli GK 19 0 (0) 2001-2003
15%
169 Giovanni Fabbian MF, FW 7 0 (0) 2024-2025
15%
138 Matteo Brighi MF 9 3 (1) 2007-2009
15%
320 Matteo Paro MF 1 0 (0) 2002-2003
15%
170 Nicolò Savona DF 7 0 (0) 2024-2025
15%
124 Raoul Bellanova DF, FW 11 1 (0) 2022-2023, 2024-2025
15%
154 Stefano Mauri MF, FW 8 0 (2) 2005-2006, 2007-2008
15%
237 Stefano Okaka FW 4 0 (0) 2006-2007, 2008-2009
15%
142 Alessandro Gamberini DF 9 0 (0) 2008-2010
14%
84 Damiano Tommasi MF 19 1 (0) 2001-2003
14%
265 Davide Astori DF 2 0 (0) 2014-2015
14%
266 Davide Bartesaghi DF, MF 2 0 (0) 2023-2025
14%
219 Lorenzo Amoruso DF 5 0 (0) 2000-2001
14%
235 Marco Andreolli DF 4 0 (0) 2005-2006, 2015-2016
14%
196 Marco Ballotta GK 6 0 (0) 2007-2008
14%
158 Marco Donadel MF 8 0 (0) 2008-2010
14%
206 Marco Parolo MF 5 2 (0) 2020-2021
14%
178 Nicola Amoruso FW 6 1 (1) 2001-2002
14%
210 Roberto De Zerbi MF, FW 5 0 (1) 2010-2011
14%
149 Salvatore Bocchetti DF 9 0 (0) 2010-2011, 2017-2018
14%
145 Cristian Molinaro DF, MF 9 0 (0) 2008-2010
13%
155 Cristiano Piccini DF 8 0 (0) 2017-2019
13%
97 Demetrio Albertini MF, FW 16 2 (5) 2000-2001, 2003-2005
13%
273 Gabriel Paletta DF 2 0 (0) 2006-2007
13%
220 Luca Castellazzi GK 5 0 (0) 2010-2012
13%
222 Manuel Pasqual DF, MF 5 0 (0) 2009-2010
13%
117 Marco Marchionni MF 12 1 (2) 2008-2010
13%
335 Simone Verdi MF, FW 1 0 (0) 2018-2019
13%
287 Alessandro Rosina MF 1 0 (0) 2011-2012
11%
288 Andrea Petagna FW 1 0 (0) 2012-2013
11%
213 Dario Dainelli DF 5 0 (0) 2008-2009
11%
192 David Di Michele FW 6 0 (0) 2005-2006
11%
177 Fabrizio Ravanelli FW 6 2 (0) 2000-2001
11%
225 Federico Peluso DF 4 0 (2) 2012-2014
11%
304 Gianluca Curci GK 1 0 (0) 2007-2008
11%
128 Giuliano Giannichedda MF 11 0 (0) 2001-2002, 2003-2004, 2005-2006
11%
156 Ivan Pelizzoli GK 8 0 (0) 2001-2002, 2004-2005
11%
327 Paolo Orlandoni GK 1 0 (0) 2010-2011
11%
99 Stefano Fiore MF 15 2 (1) 2001-2002, 2003-2005
11%
116 Bernardo Corradi FW 12 1 (2) 2003-2005
10%
212 Cristian Ledesma MF 5 0 (0) 2007-2008
10%
215 Fabio Liverani MF 5 0 (0) 2003-2004
10%
298 Federico Masi DF 1 0 (0) 2008-2009
10%
270 Filippo Terracciano DF, MF 2 0 (0) 2024-2025
10%
232 Luigi Sala DF 4 0 (0) 2000-2001
10%
130 Manuele Blasi MF 11 0 (0) 2004-2006
10%
181 Marco Brescianini MF 6 1 (0) 2024-2025
10%
252 Marco Palestra DF, MF 3 0 (0) 2024-2025
10%
322 Mattia Cassani DF 1 0 (0) 2002-2003
10%
205 Stefano Sorrentino GK 6 0 (0) 2006-2007
10%
240 Antonio Chimenti GK 3 0 (0) 2002-2003, 2004-2005
8%
151 Domenico Morfeo MF, FW 8 1 (0) 2002-2003
8%
245 Ezequiel Schelotto DF, MF 3 0 (0) 2016-2017
8%
231 Francesco Camarda MF, FW 4 0 (0) 2024-2025
8%
302 Giacomo De Pieri FW 1 0 (0) 2024-2025
8%
275 Gianni Comandini FW 2 0 (0) 2000-2001
8%
139 Leandro Greco MF 9 2 (1) 2010-2011, 2012-2013
8%
312 Luca Caldirola DF 1 0 (0) 2011-2012
8%
251 Marco Ambrosio GK 3 0 (0) 2003-2004
8%
317 Matteo Cocchi DF 1 0 (0) 2024-2025
8%
153 Roberto Baronio MF 8 1 (0) 2000-2001, 2007-2008
8%
260 Alberto Fontana GK 2 0 (0) 2004-2005
7%
239 Alessio Zerbin DF, FW 3 0 (0) 2022-2023
7%
80 Emiliano Moretti DF 20 0 (1) 2002-2003, 2004-2005, 2006-2008
7%
305 Gianluca Frabotta DF, MF 1 0 (0) 2020-2021
7%
217 Gianluca Gaetano MF, FW 5 0 (0) 2019-2020, 2022-2024
7%
276 Giuseppe Mascara FW 2 0 (0) 2011-2012
7%
108 Luciano Zauri DF 14 1 (2) 2003-2004, 2007-2009
7%
234 Luiz Felipe GK, DF 4 0 (0) 2020-2021
7%
227 Andrea Masiello DF 4 0 (0) 2019-2020
6%
289 Andrea Pinamonti FW 1 0 (0) 2020-2021
6%
189 Cesare Natali DF 6 0 (0) 2005-2006, 2009-2010
6%
214 Diego Fuser MF 5 0 (0) 2001-2003
6%
119 Federico Giunti MF 12 0 (2) 2000-2001, 2003-2004
6%
272 Francesco Tavano FW 2 0 (0) 2006-2007
6%
274 Gaetano D'Agostino MF 2 0 (0) 2004-2005
6%
247 Giandomenico Mesto DF, MF 3 0 (0) 2013-2014
6%
186 Gianluca Comotto DF 6 0 (1) 2009-2010
6%
306 Gianluca Grava DF 1 0 (0) 2011-2012
6%
102 Giovanni Pasquale DF 15 0 (0) 2002-2005
6%
308 Jacopo Da Riva MF 1 0 (0) 2019-2020
6%
311 Lorenzo Torriani GK 1 0 (0) 2024-2025
6%
314 Luca Marrone DF, MF 1 0 (0) 2012-2013
6%
148 Michele Paramatti DF 9 0 (0) 2000-2002
6%
331 Simone Andrea Ganz FW 1 0 (0) 2011-2012
6%
285 Simone Loria DF 2 0 (0) 2008-2009
6%
136 Cristian Zenoni DF 10 0 (2) 2001-2003
4%
185 Damiano Zenoni DF, MF 6 0 (1) 2005-2006
4%
242 Daniele Corvia FW 3 0 (0) 2004-2005
4%
180 Federico Piovaccari FW 6 1 (0) 2013-2014
4%
218 Guglielmo Stendardo DF 5 0 (0) 2007-2008
4%
250 Jonathan Bachini MF 3 0 (0) 2000-2001
4%
197 Massimo Gobbi DF, MF 6 0 (0) 2008-2010
4%
238 Alessandro Zanoli DF, FW 3 0 (0) 2022-2024
3%
263 Carlo Zotti GK 2 0 (0) 2004-2005
3%
267 Davide Faraoni DF, MF 2 0 (0) 2011-2012
3%
216 Francesco Colonnese DF 5 0 (0) 2000-2002
3%
303 Gianluca Caprari MF, FW 1 0 (0) 2010-2011
3%
277 Luca Saudati MF, FW 2 0 (0) 2000-2001
3%
315 Marco Negri FW 1 0 (0) 2000-2001
3%
321 Matteo Sereni GK 1 0 (0) 2003-2004
3%
223 Paolo Castellini DF 5 0 (0) 2005-2006, 2010-2011
3%
209 Raoul Petretta DF, MF, FW 5 0 (1) 2017-2018
3%
254 Salvatore Fresi DF 3 0 (0) 2002-2003
3%
256 Sebastiano Siviglia DF 3 0 (0) 2001-2002, 2007-2008
3%
284 Sergio Porrini DF 2 0 (0) 2000-2001
3%
336 Thomas Berenbruch MF 1 0 (0) 2024-2025
3%
211 Valerio Bertotto DF 5 0 (1) 2005-2006
3%
286 Alessandro Frara MF 1 0 (0) 2001-2002
1%
290 Antonio Barreca DF, MF, FW 1 0 (0) 2018-2019
1%
179 Bruno Cirillo DF 6 1 (0) 2006-2007
1%
229 Davide Baiocco MF 4 0 (0) 2002-2003
1%
248 Giuseppe Pezzella DF, MF, FW 3 0 (0) 2021-2022
1%
310 Lorenzo Crisetig MF 1 0 (0) 2011-2012
1%
233 Luigi Sartor DF 4 0 (0) 2004-2005
1%
316 Marco Olivieri FW 1 0 (0) 2019-2020
1%
280 Marco Zanchi DF 2 0 (0) 2000-2001
1%
198 Massimo Mutarelli MF 6 0 (0) 2007-2008
1%
324 Mirko Antonucci MF, FW 1 0 (0) 2017-2018
1%
325 Nicola Berti MF 1 0 (0) 2002-2003
1%
182 Roberto Muzzi FW 6 1 (0) 2003-2004
1%
329 Rômulo DF, MF, FW 1 0 (0) 2014-2015
1%
257 Simone Del Nero DF, FW 3 0 (0) 2007-2008
1%
333 Simone Muratore MF 1 0 (0) 2019-2020
1%
337 Tommaso Barbieri DF, MF 1 0 (0) 2022-2023
1%
339 Valerio Virga MF 1 0 (0) 2006-2007
1%
261 Andrea Luciani MF 2 0 (0) 2000-2001
0%
291 Cosimo Marco Da Graca FW 1 0 (0) 2021-2022
0%
264 Daniele Ruggiu FW 2 0 (0) 2000-2001
0%
243 Davide Bombardini MF 3 0 (0) 2002-2003
0%
293 Diego De Ascentis MF 1 0 (0) 2000-2001
0%
294 Edoardo Soleri FW 1 0 (0) 2015-2016
0%
295 Emanuele Berrettoni FW 1 0 (0) 2000-2001
0%
244 Emanuele Pesaresi DF 3 0 (0) 2000-2001
0%
296 Fabio Depaoli DF, MF 1 0 (0) 2020-2021
0%
297 Fabrizio Caligara MF, FW 1 0 (0) 2017-2018
0%
300 Felice Natalino DF 1 0 (0) 2010-2011
0%
168 Felice Piccolo DF 7 0 (0) 2010-2011, 2012-2013
0%
269 Ferdinando Sforzini FW 2 0 (0) 2010-2011
0%
271 Francesco Bolzoni MF 2 0 (0) 2007-2008
0%
301 Gabriele Puccio DF, MF 1 0 (0) 2007-2008
0%
249 Giuseppe Scurto DF 3 0 (0) 2004-2005
0%
313 Luca Castiglia MF 1 0 (0) 2008-2009
0%
318 Matteo Lovato DF 1 0 (0) 2021-2022
0%
319 Matteo Momentè FW 1 0 (0) 2005-2006
0%
323 Michelangelo Rampulla GK 1 0 (0) 2000-2001
0%
326 Paolo Dellafiore DF 1 0 (0) 2004-2005
0%
203 Paolo Vanoli DF 6 0 (0) 2003-2004
0%
282 Raffaele De Martino MF 2 0 (0) 2004-2005
0%
283 Sebastiano Luperto DF 2 0 (0) 2019-2020
0%
338 Tommaso Corazza DF 1 0 (0) 2024-2025
0%
No matching quizzes found
Score Distribution
Percent of People with Each Score
Percentile by Number Answered
Your Score History
You have not taken this quiz